| 000 | 00348nam a2200145Ia 4500 | ||
|---|---|---|---|
| 008 | 150201s2005 xx 000 0 und d | ||
| 082 |
_a617.6 _bM2005G |
||
| 100 | _aGAGE PICKRTT | ||
| 245 | _aMOSBYS DENTAL DRUG REFERENCE | ||
| 250 | _a7H | ||
| 260 |
_bELSEVIER _aDELHI _c2005 |
||
| 300 | _a1-1000 | ||
| 650 | _aGENERAL DENTISTRY | ||
| 942 |
_2ddc _cBK |
||
| 999 |
_c3464 _d3464 |
||